[Event "IECC O-2546"]
[Site "IECC email"]
[Date "2007.03.18"]
[Round "?"]
[White "Todd, Daniel"]
[Black "Mugica, Emiliano"]
[Result "1-0"]
[WhiteElo "1249"]
[BlackElo "1256"]
[PlyCount "31"]
[EventDate "2007.??.??"]
[EventType "swiss (corr)"]
[EventRounds "2"]
[SourceTitle "Corr 2008"]
[Source "ChessBase"]
[SourceDate "2008.06.24"]
[SourceVersion "1"]
[SourceVersionDate "2008.06.24"]
[SourceQuality "1"]
[WhiteTeam "US of America"]
[BlackTeam "Argentina"]
[WhiteTeamCountry "USA"]
[BlackTeamCountry "ARG"]

1. e4 e5 2. Nf3 Nc6 3. Bc4 Nf6 4. Ng5 d5 5. exd5 Nxd5 6. Nxf7 Kxf7 7. Qf3+ Ke6 8. Nc3 Ncb4 9. a3 b5 10. Bb3 Nxc2+ 11. Kd1 Nxa1 12. Bxd5+ Kd7 13. Bxa8 Ke7 14. d3 Qe8 15. Bg5+ Ke6 16. g4 1-0

[Event "IECC O-2431"]
[Site "IECC email"]
[Date "2006.08.08"]
[Round "?"]
[White "Mugica, Emiliano"]
[Black "Van Wanrooij, Hubert"]
[Result "1/2-1/2"]
[WhiteElo "1239"]
[BlackElo "1300"]
[PlyCount "41"]
[EventDate "2006.??.??"]
[EventType "swiss (corr)"]
[EventRounds "2"]
[SourceTitle "Corr 2020"]
[Source "ChessBase"]
[SourceDate "2019.09.30"]
[SourceVersion "1"]
[SourceVersionDate "2019.09.30"]
[SourceQuality "1"]
[WhiteTeam "Argentina"]
[BlackTeam "Belgium"]
[WhiteTeamCountry "ARG"]
[BlackTeamCountry "BEL"]

1. e4 e5 2. Nf3 Nc6 3. d4 exd4 4. Nxd4 Bc5 5. Be3 Qf6 6. Nb5 Bxe3 7. fxe3 Qe5 8. N1c3 a6 9. Nd4 Nf6 10. Nxc6 dxc6 11. Qd4 Qxd4 12. exd4 Be6 13. 0-0-0 0-0-0 14. Be2 Rhe8 15. Rhf1 Re7 16. h3 Red7 17. Rf4 Rxd4 18. Rxd4 Rxd4 19. Bd3 h6 20. Rf2 b5 21. b4 1/2-1/2

[Event "IECC O-2308"]
[Site "IECC email"]
[Date "2005.11.22"]
[Round "?"]
[White "Mugica, Emiliano"]
[Black "Kaczmarek, Michal"]
[Result "0-1"]
[WhiteElo "1293"]
[BlackElo "1171"]
[PlyCount "72"]
[EventDate "2005.??.??"]
[EventType "swiss (corr)"]
[EventRounds "2"]
[SourceTitle "Corr 2008"]
[Source "ChessBase"]
[SourceDate "2008.06.24"]
[SourceVersion "1"]
[SourceVersionDate "2008.06.24"]
[SourceQuality "1"]

1. e4 d6 2. d4 Nf6 3. Nc3 g6 4. Nf3 Bg7 5. Bb5+ c6 6. Bd3 0-0 7. 0-0 c5 8. dxc5 dxc5 9. Bc4 Nc6 10. Re1 Qxd1 11. Rxd1 Bg4 12. Be3 Bxf3 13. gxf3 b6 14. Nd5 e6 15. Nc7 Rac8 16. Nxe6 fxe6 17. Bxe6+ Kh8 18. Bxc8 Rxc8 19. Bg5 Nd4 20. Bxf6 Bxf6 21. c3 Nxf3+ 22. Kg2 Ne5 23. f4 Nc4 24. Re1 Nxb2 25. e5 Bh4 26. Re2 Nd3 27. Re4 Nf2 28. Re3 Rd8 29. e6 Ng4 30. Rh3 Be7 31. Rg1 Rd2+ 32. Kf3 Nf2 33. Rhg3 Nd1 34. Rh3 Rd3+ 35. Kg2 Rxh3 36. Kxh3 Nxc3 0-1

[Event "IECC O-2299"]
[Site "IECC email"]
[Date "2005.11.01"]
[Round "?"]
[White "Reni, Norbert"]
[Black "Mugica, Emiliano"]
[Result "0-1"]
[WhiteElo "1157"]
[BlackElo "1284"]
[PlyCount "58"]
[EventDate "2005.??.??"]
[EventType "swiss (corr)"]
[EventRounds "2"]
[SourceTitle "Corr 2020"]
[Source "ChessBase"]
[SourceDate "2019.09.30"]
[SourceVersion "1"]
[SourceVersionDate "2019.09.30"]
[SourceQuality "1"]
[WhiteTeam "Australia"]
[BlackTeam "Argentina"]
[WhiteTeamCountry "AUS"]
[BlackTeamCountry "ARG"]

1. e4 e5 2. Nf3 Nc6 3. d4 exd4 4. Nxd4 Nf6 5. Nxc6 bxc6 6. Bd3 d5 7. Qe2 Qe7 8. Nd2 Bg4 9. Qe3 Qc5 10. Qxc5 Bxc5 11. exd5 cxd5 12. h3 Bh5 13. Bb5+ Kd8 14. 0-0 Rb8 15. Bd3 Re8 16. c3 Be2 17. Bxe2 Rxe2 18. b4 Bb6 19. Rb1 Ne4 20. Nxe4 dxe4 21. Be3 Bxe3 22. Rbd1+ Bd2 23. a4 Ke7 24. b5 Bxc3 25. Rd5 Ke6 26. Rc5 Ba5 27. Rcc1 Rd8 28. Rc6+ Rd6 29. Rc4 Bb6 0-1

[Event "IECC O-2265"]
[Site "IECC email"]
[Date "2005.09.01"]
[Round "?"]
[White "Mugica, Emiliano"]
[Black "Gomes, Luis Roberto"]
[Result "0-1"]
[WhiteElo "1329"]
[BlackElo "1500"]
[PlyCount "52"]
[EventDate "2005.??.??"]
[EventType "swiss (corr)"]
[EventRounds "2"]
[SourceTitle "Corr 2008"]
[Source "ChessBase"]
[SourceDate "2008.06.24"]
[SourceVersion "1"]
[SourceVersionDate "2008.06.24"]
[SourceQuality "1"]

1. e4 c5 2. Nf3 d6 3. d4 cxd4 4. Nxd4 Nf6 5. Nc3 g6 6. Bb5+ Bd7 7. 0-0 Bg7 8. Re1 0-0 9. Bxd7 Nbxd7 10. Ncb5 Qb6 11. a4 Rac8 12. Be3 Qa6 13. Bg5 Rc5 14. Qd2 Rfc8 15. c3 b6 16. b4 Re5 17. Qf4 Qb7 18. f3 d5 19. Bxf6 Bxf6 20. exd5 Rxe1+ 21. Rxe1 Qxd5 22. Nxa7 Rxc3 23. Ndb5 Rc4 24. Re4 Qd1+ 25. Kf2 Rc2+ 26. Kg3 Qf1 0-1

[Event "IECC O-2260"]
[Site "IECC email"]
[Date "2005.08.16"]
[Round "?"]
[White "Grillon, Jean Marie"]
[Black "Mugica, Emiliano"]
[Result "1-0"]
[WhiteElo "1400"]
[BlackElo "1352"]
[PlyCount "21"]
[EventDate "2005.??.??"]
[EventType "swiss (corr)"]
[EventRounds "2"]
[SourceTitle "Corr 2020"]
[Source "ChessBase"]
[SourceDate "2019.09.30"]
[SourceVersion "1"]
[SourceVersionDate "2019.09.30"]
[SourceQuality "1"]
[WhiteTeam "France"]
[BlackTeam "Argentina"]
[WhiteTeamCountry "FRA"]
[BlackTeamCountry "ARG"]

1. e4 e5 2. Nf3 Nc6 3. Bb5 a6 4. Ba4 b5 5. Bb3 Na5 6. Bxf7+ Kxf7 7. Nxe5+ Ke6 8. d4 Nf6 9. 0-0 Nxe4 10. Qg4+ Kd5 11. Re1 1-0

[Event "IECC O-2240"]
[Site "IECC email"]
[Date "2005.07.14"]
[Round "?"]
[White "Bocharov, Rosislav"]
[Black "Mugica, Emiliano"]
[Result "1-0"]
[WhiteElo "1472"]
[BlackElo "1339"]
[PlyCount "45"]
[EventDate "2005.??.??"]
[EventType "swiss (corr)"]
[EventRounds "2"]
[SourceTitle "Corr 2008"]
[Source "ChessBase"]
[SourceDate "2008.06.24"]
[SourceVersion "1"]
[SourceVersionDate "2008.06.24"]
[SourceQuality "1"]

1. e4 e5 2. Bc4 Nf6 3. Nf3 Nc6 4. d3 Bc5 5. c3 0-0 6. 0-0 d5 7. exd5 Nxd5 8. b4 Bxb4 9. cxb4 Ndxb4 10. Qb3 Qe7 11. Bg5 Qd6 12. a3 Nd4 13. Nxd4 Qxd4 14. axb4 h6 15. Be7 b5 16. Bxf8 bxc4 17. Qc3 Kxf8 18. Qxd4 exd4 19. dxc4 d3 20. Nc3 c6 21. b5 cxb5 22. cxb5 f6 23. Nd5 1-0

[Event "IECC O-2230"]
[Site "IECC email"]
[Date "2005.06.29"]
[Round "?"]
[White "Mugica, Emiliano"]
[Black "Garcia, Arsenio"]
[Result "1/2-1/2"]
[WhiteElo "1336"]
[BlackElo "1159"]
[PlyCount "28"]
[EventDate "2005.??.??"]
[EventType "swiss (corr)"]
[EventRounds "2"]
[SourceTitle "Corr 2020"]
[Source "ChessBase"]
[SourceDate "2019.09.30"]
[SourceVersion "1"]
[SourceVersionDate "2019.09.30"]
[SourceQuality "1"]
[WhiteTeam "Argentina"]
[BlackTeam "Philippines"]
[WhiteTeamCountry "ARG"]
[BlackTeamCountry "PHI"]

1. e4 e6 2. d4 d5 3. Nc3 Bb4 4. Nge2 Nf6 5. exd5 exd5 6. a3 Be7 7. Nf4 0-0 8. Nh5 Nbd7 9. Bd3 Nxh5 10. Qxh5 Nf6 11. Qh4 Ne4 12. Qh5 Nf6 13. Qh4 Ne4 14. Qh5 Nf6 1/2-1/2

[Event "IECC O-2164"]
[Site "IECC email"]
[Date "2005.02.24"]
[Round "?"]
[White "Mugica, Emiliano"]
[Black "Colton, James"]
[Result "1-0"]
[WhiteElo "1297"]
[BlackElo "1465"]
[PlyCount "89"]
[EventDate "2005.??.??"]
[EventType "swiss (corr)"]
[EventRounds "2"]
[SourceTitle "Corr 2020"]
[Source "ChessBase"]
[SourceDate "2019.09.30"]
[SourceVersion "1"]
[SourceVersionDate "2019.09.30"]
[SourceQuality "1"]
[WhiteTeam "Argentina"]
[BlackTeam "United States"]
[WhiteTeamCountry "ARG"]
[BlackTeamCountry "USA"]

1. e4 e5 2. Nf3 d6 3. Bc4 Nf6 4. Nc3 Nc6 5. Ng5 Be6 6. Bxe6 fxe6 7. Nxe6 Qd7 8. Nxf8 Rxf8 9. 0-0 Nd4 10. d3 Ng4 11. f3 Nh6 12. Bxh6 gxh6 13. Ne2 Rg8 14. Nxd4 exd4 15. Qd2 Rg6 16. c3 0-0-0 17. cxd4 Rdg8 18. Rf2 h5 19. f4 h4 20. f5 Rg5 21. f6 R5g6 22. f7 Rf8 23. Qf4 Qb5 24. Qf5+ Qd7 25. Qxd7+ Kxd7 26. Raf1 Ke7 27. Rf4 h3 28. g3 h5 29. Rh4 Rxf7 30. Rxf7+ Kxf7 31. Rxh5 Rf6 32. Rf5 a5 33. Rxa5 Rf3 34. Rf5+ Rxf5 35. exf5 Kf6 36. g4 Kf7 37. g5 b6 38. g6+ Kf6 39. Kf2 Kg7 40. Kg3 Kf6 41. Kxh3 Kg7 42. d5 Kf6 43. Kg4 Kg7 44. Kg5 c5 45. dxc6 1-0

[Event "IECC M email"]
[Site "IECC email"]
[Date "2003.07.06"]
[Round "?"]
[White "Mugica, Emiliano"]
[Black "Phillips, David A"]
[Result "0-1"]
[WhiteElo "1277"]
[BlackElo "1216"]
[PlyCount "116"]
[EventDate "2003.??.??"]
[EventType "tourn (corr)"]
[EventRounds "6"]
[SourceTitle "Corr 2008"]
[Source "ChessBase"]
[SourceDate "2008.06.24"]
[SourceVersion "1"]
[SourceVersionDate "2008.06.24"]
[SourceQuality "1"]

1. e4 d5 2. exd5 Qxd5 3. Nc3 Qa5 4. d4 c5 5. Nf3 Nf6 6. Bb5+ Bd7 7. Bxd7+ Nbxd7 8. 0-0 e6 9. d5 Qb6 10. dxe6 fxe6 11. Re1 0-0-0 12. Qe2 Re8 13. Ng5 e5 14. Nf7 Rg8 15. Nb5 a6 16. Nc3 h6 17. f4 Bd6 18. Rd1 Bc7 19. fxe5 Bxe5 20. Qc4 Bxc3 21. Nd6+ Qxd6 22. Rxd6 Re1+ 23. Kf2 Ne4+ 24. Qxe4 Rxe4 25. bxc3 Rf8+ 26. Kg3 Ne5 27. Rd5 c4 28. Bf4 Rfxf4 29. Rxe5 Rxe5 30. Kxf4 Re2 31. Rc1 Rxg2 32. h4 h5 33. Kf3 Rd2 34. a4 g6 35. a5 Kc7 36. Kf4 Rd5 37. Rg1 Rxa5 38. Rxg6 Ra3 39. Rg7+ Kb6 40. Rg3 Ka7 41. Re3 Ra5 42. Re4 Rc5 43. Ke3 b5 44. Re7+ Kb6 45. Re6+ Ka5 46. Kd4 Rf5 47. Ke4 Rf2 48. Kd4 Rxc2 49. Re1 Rd2+ 50. Kc5 Ka4 51. Ra1+ Kb3 52. Rxa6 Kxc3 53. Kxb5 Rb2+ 54. Kc5 Rd2 55. Ra4 Rh2 56. Rxc4+ Kd3 57. Rd4+ Ke3 58. Kd5 Kf3 0-1

[Event "IECC CL6-2003.07 email"]
[Site "IECC email"]
[Date "2003.03.23"]
[Round "?"]
[White "Mugica, Emiliano"]
[Black "Williams, Brett"]
[Result "1-0"]
[WhiteElo "1232"]
[BlackElo "1227"]
[PlyCount "75"]
[EventDate "2003.??.??"]
[EventType "tourn (corr)"]
[EventRounds "4"]
[SourceTitle "Corr 2008"]
[Source "ChessBase"]
[SourceDate "2008.06.24"]
[SourceVersion "1"]
[SourceVersionDate "2008.06.24"]
[SourceQuality "1"]

1. e4 e5 2. Nf3 Nc6 3. Bb5 Nf6 4. 0-0 Bc5 5. Nc3 a6 6. Bxc6 dxc6 7. Nxe5 Bd4 8. Nf3 Ng4 9. h3 Nxf2 10. Rxf2 Bxf2+ 11. Kxf2 0-0 12. d4 b5 13. Ne5 Qh4+ 14. g3 Qxh3 15. Nxc6 Qh2+ 16. Kf3 Bg4+ 17. Kxg4 f5+ 18. exf5 h5+ 19. Kf3 Rxf5+ 20. Bf4 Re8 21. Ne4 h4 22. Kg4 g6 23. Qd2 hxg3 24. Nxg3 Rh5 25. Rh1 Rh4+ 26. Kg5 Qxd2 27. Bxd2 Rxh1 28. Nxh1 Re2 29. Bc3 Rxc2 30. Kxg6 Rg2+ 31. Kf5 Rg1 32. Ba5 Rxh1 33. Bxc7 Kf7 34. d5 Re1 35. Ne5+ Ke8 36. d6 Rxe5+ 37. Kxe5 Kd7 38. Ba5 1-0

[Event "IECC M email"]
[Site "IECC email"]
[Date "2003.02.08"]
[Round "?"]
[White "Hulse, David"]
[Black "Mugica, Emiliano"]
[Result "0-1"]
[WhiteElo "1195"]
[BlackElo "1228"]
[PlyCount "42"]
[EventDate "2003.??.??"]
[EventType "tourn (corr)"]
[EventRounds "6"]
[SourceTitle "Corr 2008"]
[Source "ChessBase"]
[SourceDate "2008.06.24"]
[SourceVersion "1"]
[SourceVersionDate "2008.06.24"]
[SourceQuality "1"]

1. e4 e5 2. Nf3 Nc6 3. Bb5 a6 4. Ba4 b5 5. Bb3 Na5 6. 0-0 Nxb3 7. axb3 Nf6 8. d3 d6 9. b4 c6 10. b3 a5 11. bxa5 Rxa5 12. Rxa5 Qxa5 13. Bg5 Be7 14. h3 0-0 15. Nbd2 d5 16. Nxe5 Qc3 17. Ndf3 dxe4 18. dxe4 h6 19. Bd2 Qc5 20. Be3 Qd6 21. Qxd6 Bxd6 0-1

[Event "IECG RN.2002.0.00014"]
[Site "IECG email"]
[Date "2002.05.28"]
[Round "?"]
[White "Nielsen, Christian Waagner"]
[Black "Mugica, Emiliano"]
[Result "1-0"]
[WhiteElo "800"]
[BlackElo "800"]
[PlyCount "27"]
[EventDate "2002.05.28"]
[EventType "tourn (corr)"]
[EventRounds "6"]
[SourceTitle "Corr 2008"]
[Source "ChessBase"]
[SourceDate "2008.06.24"]
[SourceVersion "1"]
[SourceVersionDate "2008.06.24"]
[SourceQuality "1"]

1. d4 Nf6 2. Nf3 e6 3. e3 Nc6 4. Bd3 Bb4+ 5. c3 Be7 6. Nbd2 0-0 7. 0-0 d5 8. Re1 Bd6 9. Qe2 h6 10. e4 a6 11. e5 Ne4 12. Nxe4 dxe4 13. Qxe4 Be7 14. Qh7# 1-0